Khoa học & Kỹ thuật = Journal of science and Technique

Spremljeno u:
Bibliografski detalji
Format: Knjiga
Jezik:Undetermined
Izdano: Hà Nội Học Viện kỹ thuật Quân sự 2019
Oznake: Dodaj oznaku
Bez oznaka, Budi prvi tko označuje ovaj zapis!
Thư viện lưu trữ: Trung tâm Học liệu Trường Đại học Cần Thơ
LEADER 00516nam a2200169Ia 4500
001 CTU_235742
008 210402s9999 xx 000 0 und d
082 |a 378 
082 |b Kh401 
245 0 |a Khoa học & Kỹ thuật = 
245 0 |b Journal of science and Technique 
245 0 |c Học Viện Kỹ thuật quân sự 
260 |a Hà Nội 
260 |b Học Viện kỹ thuật Quân sự 
260 |c 2019 
904 |i T.Trang 
980 |a Trung tâm Học liệu Trường Đại học Cần Thơ